Global Civil Society : 2002 /

Sociedad civil global es un término asociado con la acción internacional de apoyo, de trabajo de organizaciones no gubernamentales y redes de apoyo ecológico, económico, político o social. Desde 2001 se publica anualmente un volumen en que se discute la importancia de la sociedad civil global y se o...

תיאור מלא

שמור ב:
מידע ביבליוגרפי
מחבר ראשי: Glasius, Marlies (ed.)
מחברים אחרים: Kaldor, Mary (edición) (edición), Anheier, Helmut (edición) (edición), Giddens, Anthony (prólogo) (prólogo)
פורמט: ספר
שפה:אנגלית
יצא לאור: Oxford, Inglaterra : Londres, Inglaterra : Oxford University ; London School of Economics and Political Science, Centre for the Study of Global Governance, 2002, c2002
נושאים:
תגים: הוספת תג
אין תגיות, היה/י הראשונ/ה לתייג את הרשומה!

MARC

LEADER 00000nam^a2200000^a^4500
001 000182831
005 20250521000000.0
009 20260310102020.805
020 |a 0-19-925168-1 
037 |a Acervo ITESO - Biblioteca 
041 |a ING 
082 |a 327. 03  |b GLO 2002 
100 |a Glasius, Marlies  |e (ed.) 
240 1 1 |a [Global Civil Society] 
245 1 0 |a Global Civil Society :  |b 2002 /  |c Ed. de M. Glasius, M. Kaldor, H. Anheier ; pról. de A. Giddens. 
264 4 |a Oxford, Inglaterra :  |b Oxford University ;  |a Londres, Inglaterra :  |b London School of Economics and Political Science, Centre for the Study of Global Governance,  |c 2002, c2002 
300 |a XII, 404 p. 
336 |a texto  |b txt  |2 rdacontenido 
337 |a sin mediación  |b n  |2 rdamedio 
338 |a volumen  |b nc  |2 rdasoporte 
520 |a Sociedad civil global es un término asociado con la acción internacional de apoyo, de trabajo de organizaciones no gubernamentales y redes de apoyo ecológico, económico, político o social. Desde 2001 se publica anualmente un volumen en que se discute la importancia de la sociedad civil global y se ofrecen datos sobre qué, cuánto y cómo se ha desarrollado. Cada anuario está estructurado en cuatro grandes apartados: la revisión del concepto de sociedad civil global; cuestiones en que interviene la sociedad civil global; infraestructura de la sociedad civil global; registros de la sociedad civil global. 
649 |a XX 
650 |a Sociedad Civil 
650 |a Religión 
650 |a SIDA 
650 |a Justicia e Injusticia 
650 |a Derecho Internacional 
650 |a Intervención Social 
650 |a Sistemas de Información 
650 |a Medios de Comunicación 
650 |a Comunicación y Política 
650 |a Organizaciones No Gubernamentales 
650 |a Organizaciones Internacionales 
650 |a Organizaciones Internacionales 
650 |a Cooperación Internacional -  |x Anuarios 
650 |a Finanzas Internacionales -  |x Anuarios 
650 |a Globalización -  |x Anuarios 
650 |a Política -  |z EUA -  |x Historia -  |y 11 de Septiembre de 2001 
650 |a Política Internacional -  |x Historia -  |y 2000-2009 
650 |a Política Internacional -  |x Publicaciones Periódicas Inglesas 
650 |a Política Internacional -  |x Anuarios 
650 |a Publicaciones Periódicas Inglesas 
650 |a Anuarios 
700 |a Kaldor, Mary  |e (edición) 
700 |a Anheier, Helmut  |e (edición) 
700 |a Giddens, Anthony  |e (prólogo) 
910 |a Fondo General 
920 |a Impresos - Libros 
930 |a Obras de Referencia 
905 |a 102 
901 |a 0500122522  |b IT2  |c REF  |u 20250521 
902 |a https://opac.biblio.iteso.mx/vufind/Record/000182831